| 000 | 01221nam a22003017a 4500 | ||
|---|---|---|---|
| 005 | 20080929101452.0 | ||
| 008 | 080929t xxu||||| |||| 00| 0chin d | ||
| 010 | _aHIN-92159 | ||
| 020 |
_a9788170168997 _c425.00 |
||
| 035 | _aHN-64505 | ||
| 037 | _bDBAD / PUB | ||
| 040 |
_aDPL _bHN |
||
| 082 | _a371.91 | ||
| 100 |
_926640 _aमिश्र, विनोद कुमार |
||
| 245 |
_aविकलांगों के लिए करियर / _cविनोद कुमार मिश्र |
||
| 246 |
_aViklango ke liye Cariar _bby Vinod kumar mishra |
||
| 260 |
_aनई दिल्ली _bकिताब घर _c2010 |
||
| 270 |
_a24/4855, अंसारी रोड़, दरियागंज _bनई दिल्ली _e110002 |
||
| 300 |
_a320पृ. _c22सेमी (सजिल्द) |
||
| 650 | _9697 | ||
| 650 | _926793 | ||
| 650 | _926674 | ||
| 650 | _9698 | ||
| 700 | _926643 | ||
| 710 | _926662 | ||
| 942 |
_2ddc _cHN _h371.91 _mमिश्रवि |
||
| 999 |
_c51252 _d51252 |
||